|
|
|
|
| LEADER |
00000cam a2200000 7i4500 |
| 001 |
0000002461 |
| 002 |
000002681 |
| 005 |
20000330.0 |
| 020 |
|
|
|a 0070211035
|
| 090 |
0 |
0 |
|a 158.2
|b FIS
|
| 100 |
0 |
|
|a Fisher, B.Aubrey
|
| 245 |
1 |
0 |
|a Interpersonal communication :
|b pragmatics of human relationships
|c B.Aubrey Fisher and Katherine L.Adams
|
| 260 |
|
|
|a New York :
|b McGraw-Hill ,
|c 1994
|
| 300 |
|
|
|a 462p. ;
|c 22cm.
|
| 650 |
0 |
0 |
|a Interpersonal communication
|
| 650 |
0 |
0 |
|a Interpersonal relations
|
| 700 |
1 |
|
|a Adams, Katherine L
|
| 999 |
|
|
|a 035874
|b BUKU
|c PINJAMAN
|e PERPUSTAKAAN KOMUNITI PETALING JAYA
|